Variation in leaf tissue membrane thermostability among clones of Hevea brasiliensis (Record no. 47041)

MARC details
000 -LEADER
fixed length control field 00663nam a2200241Ia 4500
100 ## - MAIN ENTRY--AUTHOR NAME
Personal name Rajagopal R
245 #0 - TITLE STATEMENT
Title Variation in leaf tissue membrane thermostability among clones of Hevea brasiliensis
260 ## - PUBLICATION, DISTRIBUTION, ETC. (IMPRINT)
Name of publisher Indian Journal of Natural Rubber Research
Year of publication 1988
300 ## - PHYSICAL DESCRIPTION
Number of Pages 79-82
650 ## - SUBJECT ADDED ENTRY--TOPICAL TERM
Topical Term Clones
650 ## - SUBJECT ADDED ENTRY--TOPICAL TERM
Topical Term Clones
650 ## - SUBJECT ADDED ENTRY--TOPICAL TERM
Topical Term Hevea brasiliensis
650 ## - SUBJECT ADDED ENTRY--TOPICAL TERM
Topical Term Hevea brasiliensis
650 ## - SUBJECT ADDED ENTRY--TOPICAL TERM
Topical Term Thermostability
650 ## - SUBJECT ADDED ENTRY--TOPICAL TERM
Topical Term Thermostability
700 ## - ADDED ENTRY--PERSONAL NAME
Personal name Annamma Y
700 ## - ADDED ENTRY--PERSONAL NAME
Personal name Devakumar A S
700 ## - ADDED ENTRY--PERSONAL NAME
Personal name Rao G G
700 ## - ADDED ENTRY--PERSONAL NAME
Personal name Sethuraj M R
700 ## - ADDED ENTRY--PERSONAL NAME
Personal name Vijayakumar K R
942 ## - ADDED ENTRY ELEMENTS (KOHA)
Koha item type Articles
Holdings
Withdrawn status Lost status Damaged status Not for loan Home library Current library Shelving location Date acquired Serial Enumeration / chronology Koha item type
      Articles RRII Library RRII Library Physiology 20/12/2021 Volume 1, Issue 2 Articles